Cambodia Provinces Quiz - Statistics

General Stats
  • This quiz has been taken 6 times
  • The average score is 15 of 25
Answer Stats
Capital Province % Correct
Serei Saophoan Banteay Meanchey
100%
______ Battambang
100%
______ Kampong Thom
100%
______ Kampot
100%
______ Kep
100%
______ Koh Kong
100%
______ Siem Reap
100%
______ Kampong Cham
67%
Ta Khmau Kandal
67%
______ Kratié
67%
______ Pailin
67%
______ Phnom Penh
67%
______ Preah Vihéar
67%
______ Pursat
67%
______ Takéo
67%
______ Kampong Chhnang
33%
______ Kampong Speu
33%
Samraong Oddar Meanchey
33%
______ Prey Veng
33%
______ Sihanoukville
33%
______ Stung Treng
33%
______ Svay Rieng
33%
Suong Tbong Khmum
33%
Sen Monorom Mondol Kiri
0%
Bong Long Rotanakiri
0%
No matching quizzes found
Score Distribution
Percent of People with Each Score
Percentile by Number Answered
Your Score History
You have not taken this quiz